[Event "King's Indian defence - still playable for black?"]
[Site "SchemingMind.com"]
[Date "2006.06.22"]
[Round "-"]
[White "griffimv"]
[Black "chessfreak"]
[Result "1-0"]
[WhiteCountry "INT"]
[BlackCountry "INT"]
[WhiteElo "2350"]
[WhiteRD "80"]
[BlackElo "2293"]
[BlackRD "90"]
[GameID "56389"]

1. d4 Nf6 2. c4 g6 3. Nc3 Bg7 4. e4 d6 5. f3 O-O 6. Be3 c5 7. Nge2 Nc6 8. d5 Ne5 9. Ng3 e6 10. Be2 exd5
11. cxd5 h5 12. O-O Nh7 13. Qd2 h4 14. Nh1 g5 15. Nf2 Kh8 16. b4 b6 17. Rac1 Qe7 18. bxc5 bxc5 19. Rb1 f5 20. exf5 Bxf5
21. Nce4 h3 22. gxh3 Bg6 23. Kg2 Rae8 24. Rbe1 Nxf3 25. Bxf3 Rxf3 26. Kxf3 Bxe4+ 27. Nxe4 Qxe4+ 28. Kf2 Re5 29. Kg1 Qc4 30. Rf7 Nf6
31. Rxa7 g4 32. Rf1 gxh3 33. Rf3 Rxd5 34. Rxh3+ Kg8 35. Qf2 Qe4 36. Qf3 Qc2 37. Bf2 Qe4 38. Bh4 Qd4+ 39. Kg2 Nh5 40. Ra8+ Kh7
41. Re8 Qd2+ 42. Kf1 Qf4 43. Re4 Rd1+ 44. Be1 Qxf3+ 45. Rxf3 Ra1 46. Re6 Nf6 47. Rfxf6 Bxf6 48. Rxf6 Rxa2 49. h4 Ra6 50. Bg3 Ra1+
51. Ke2 d5 52. Rd6 d4 53. Bf4 Ra3 54. h5 Kg7 55. h6+ Kh7 56. Rc6 Rc3 57. Kd1 Rf3 58. Bd2 Rf5 59. Ke2
1-0

[Event "King's Indian defence - still playable for black?"]
[Site "SchemingMind.com"]
[Date "2006.06.22"]
[Round "-"]
[White "PackoJones1000"]
[Black "chessfreak"]
[Result "1/2-1/2"]
[WhiteCountry "ESP"]
[BlackCountry "INT"]
[WhiteElo "2233"]
[WhiteRD "70"]
[BlackElo "2162"]
[BlackRD "101"]
[GameID "56390"]

1. d4 Nf6 2. c4 g6 3. Nc3 Bg7 4. e4 d6 5. Bd3 Nc6 6. Nge2 O-O 7. O-O e5 8. d5 Nd4 9. f3 c5 10. Nxd4 cxd4
11. Na4 Bd7 12. b4 Rc8 13. Qb3 b6 14. Bd2 Nh5 15. c5 bxc5 16. bxc5 dxc5 17. Rac1 Rb8 18. Qa3 Bxa4 19. Qxa4 Rb2 20. Rc2 Qb8
21. Rxb2 Qxb2 22. Rd1 Nf4 23. Bxf4 exf4 24. Qxa7 Qb4 25. Qa6 Be5 26. d6 Rd8 27. d7 Kg7 28. Qc8 Qa4 29. Rc1 Rxd7 30. Qxc5 Bd6
31. Qb6 Qxa2 32. Qxd4+ Kh6 33. Qc3 Qa7+ 34. Kf1 Rc7 35. Bc4 Bc5 36. Qf6 Be3 37. Ra1 Qb8 38. Be2 Rb7 39. Rd1 Rb1 40. Qh4+ Kg7
41. Rxb1 Qxb1+ 42. Qe1 Qb2=
1/2-1/2

[Event "King's Indian defence - still playable for black?"]
[Site "SchemingMind.com"]
[Date "2006.06.28"]
[Round "-"]
[White "MatdeInverses"]
[Black "chessfreak"]
[Result "0-1"]
[WhiteCountry "USA"]
[BlackCountry "INT"]
[WhiteElo "1714"]
[WhiteRD "56"]
[BlackElo "2162"]
[BlackRD "101"]
[GameID "56392"]

1. d4 Nf6 2. c4 g6 3. Nc3 Bg7 4. e4 d6 5. f3 O-O 6. Be3 Nc6 7. Qd2 a6 8. Bd3 e5 9. Nge2 Ng4 10. fxg4 exd4
11. Nxd4 Nxd4 12. O-O Bxg4 13. Nd5 c6
0-1

[Event "King's Indian defence - still playable for black?"]
[Site "SchemingMind.com"]
[Date "2006.06.25"]
[Round "-"]
[White "McKnights"]
[Black "chessfreak"]
[Result "0-1"]
[WhiteCountry "USA"]
[BlackCountry "INT"]
[WhiteElo "1755"]
[WhiteRD "64"]
[BlackElo "2148"]
[BlackRD "111"]
[GameID "56393"]

1. d4 Nf6 2. c4 g6 3. Nc3 Bg7 4. e4 d6 5. Bd3 Nc6 6. Be3 Ng4 7. Nge2 O-O 8. O-O Nxe3 9. fxe3 e5 10. d5 Nb4
11. Bb1 Qg5 12. Rf3 Bg4 13. Rg3 Qh4 14. a3 Na6 15. Qb3 Nc5 16. Qc2 f5 17. exf5 Rxf5 18. h3 Bxe2 19. Nxe2 e4 20. Ba2 Be5
21. Rg4 Qf2+ 22. Kh1 Qxe3 23. Nc3 Raf8 24. Qe2 Nd3 25. g3 Nf2+ 26. Kg2 Nxg4 27. Qxe3 Nxe3+ 28. Kg1 Bxg3
0-1